The official MBA handbook or How to succeed in business without a Harvard MBA

Spremljeno u:
Bibliografski detalji
Glavni autor: Fisk, Jim
Format: Knjiga
Jezik:Undetermined
Izdano: New York Simon & Schuster 1982
Teme:
Oznake: Dodaj oznaku
Bez oznaka, Budi prvi tko označuje ovaj zapis!
Thư viện lưu trữ: Trung tâm Học liệu Trường Đại học Cần Thơ
LEADER 00532nam a2200181Ia 4500
001 CTU_43139
008 210402s9999 xx 000 0 und d
082 |a 658.007 
082 |b F539 
100 |a Fisk, Jim 
245 4 |a The official MBA handbook or How to succeed in business without a Harvard MBA 
245 0 |c Jim Fisk, Robert Barron 
260 |a New York 
260 |b Simon & Schuster 
260 |c 1982 
650 |a Business education 
904 |i Minh, 010829 
980 |a Trung tâm Học liệu Trường Đại học Cần Thơ